[Event "Campionato Italiano Femminile"]
[Site "Bratto"]
[Date "2002.08.28"]
[Round "9"]
[White "Decataldo, Alba"]
[Black "Castellano, Fulvia"]
[Result "1-0"]
[WhiteElo "1899"]
[BlackElo "1495"]
[PlyCount "85"]
[EventDate "2002.08.20"]
[SourceDate "2002.09.07"]

1. e4 c5 2. c3 d6 3. d4 b6 4. Nf3 g6 5. Bc4 Qc7 6. O-O cxd4 7. Qxd4 Nf6 8. Ng5
Be6 9. Bxe6 fxe6 10. Nxe6 Qc8 11. Ng5 Qc5 12. Qd1 Nbd7 13. Be3 Qb5 14. Qc2 Ne5
15. Na3 Qc6 16. f4 Neg4 17. Bd4 e5 18. fxe5 dxe5 19. Bf2 Bc5 20. Bxc5 Qxc5+ 21.
Kh1 Qe3 22. Nh3 Qxe4 23. Qxe4 Nxe4 24. Rae1 Nc5 25. Ng5 Nd3 26. Re2 Ngf2+ 27.
Kg1 h6 28. Ne4 Nxe4 29. Rxe4 Nxb2 30. Rxe5+ Kd7 31. Rd5+ Kc6 32. Rd4 Rhe8 33.
Rf6+ Kc5 34. Rxg6 Re3 35. Rdd6 Rxc3 36. Rc6+ Kb4 37. Nc2+ Rxc2 38. Rxc2 Nd3 39.
Rxh6 Re8 40. h3 Re1+ 41. Kh2 Rd1 42. h4 a5 43. Rxb6+ 1-0

[Event "Campionato Italiano Femminile"]
[Site "Bratto"]
[Date "2002.08.28"]
[Round "9"]
[White "Fittante, Giuliana"]
[Black "Bertozzi, Anna"]
[Result "1-0"]
[WhiteElo "1794"]
[BlackElo "1479"]
[PlyCount "71"]
[EventDate "2002.08.20"]
[SourceDate "2002.09.07"]

1. d4 d5 2. Nf3 Nc6 3. Bf4 Nf6 4. e3 Bg4 5. h3 Bh5 6. Nbd2 e6 7. c3 Bd6 8. Bxd6
Qxd6 9. Bd3 O-O 10. Qc2 h6 11. g4 Bg6 12. Bxg6 fxg6 13. Qxg6 Rae8 14. O-O-O e5
15. dxe5 Nxe5 16. Nxe5 Qxe5 17. Nf3 Qe4 18. Nh4 Qxg6 19. Nxg6 Rf7 20. Nf4 c6
21. Rhg1 Ne4 22. Rg2 g5 23. Nd3 Ref8 24. f4 Nf6 25. Ne5 Re8 26. Nxf7 Kxf7 27.
fxg5 hxg5 28. Rf1 Rxe3 29. Rgf2 Re6 30. h4 Kg6 31. h5+ Nxh5 32. gxh5+ Kxh5 33.
Rf7 g4 34. Rh7+ Kg5 35. Rxb7 g3 36. Rg7+ 1-0

[Event "Campionato Italiano Femminile"]
[Site "Bratto"]
[Date "2002.08.28"]
[Round "9"]
[White "Panella, Fiammetta"]
[Black "Ambrosi, Eleonora"]
[Result "0-1"]
[WhiteElo "1693"]
[BlackElo "2067"]
[PlyCount "82"]
[EventDate "2002.08.20"]
[SourceDate "2002.09.07"]

1. e4 c5 2. Nf3 e6 3. d4 cxd4 4. Nxd4 Nc6 5. Nb5 d6 6. c4 a6 7. N5a3 Nf6 8. Nc3
b6 9. Be3 Bb7 10. Be2 Ne5 11. f4 Ned7 12. Bf3 Rc8 13. Qe2 Qc7 14. g4 h6 15. Rg1
Nc5 16. Bf2 Bc6 17. O-O-O Qb7 18. Rde1 Rb8 19. Nc2 b5 20. Nb4 bxc4 21. Bxc5
dxc5 22. Nxc6 Qxc6 23. e5 Nd5 24. Qxc4 Qb6 25. Rg2 Nxc3 26. Qxc3 Be7 27. Rd1
Rd8 28. Rgd2 O-O 29. Rd7 Rfe8 30. Rb7 Rxd1+ 31. Kxd1 Qd8+ 32. Kc2 Bf8 33. Qc4
Qh4 34. Qe2 Re7 35. Rb8 Rd7 36. Ra8 Rd4 37. f5 exf5 38. gxf5 Qf4 39. Rxa6 Rc4+
40. Kb3 Rb4+ 41. Kc3 Qd4+ 0-1

[Event "Campionato Italiano Femminile"]
[Site "Bratto"]
[Date "2002.08.28"]
[Round "9"]
[White "Sirletti, Sonia"]
[Black "Santurbano, Maria Vincenza"]
[Result "1/2-1/2"]
[WhiteElo "1786"]
[BlackElo "1743"]
[PlyCount "57"]
[EventDate "2002.08.20"]
[SourceDate "2002.09.07"]

1. d4 d5 2. c4 e6 3. Nc3 Bb4 4. a3 Be7 5. Nf3 Nf6 6. Bg5 Nbd7 7. e3 O-O 8. Rc1
b6 9. cxd5 exd5 10. b4 Bb7 11. Qb3 a5 12. b5 c6 13. bxc6 Bxc6 14. Bb5 Bb7 15.
O-O Rc8 16. Bxd7 Nxd7 17. Bxe7 Qxe7 18. Nb5 Qe6 19. Nc7 Qd6 20. Nb5 Qe7 21. h3
Nf6 22. Na7 Rc4 23. Ne5 Ne4 24. Qxb6 Rxc1 25. Rxc1 Qxa3 26. Rb1 Qa2 27. Rb2
Qa1+ 28. Rb1 Qa2 29. Rb2 1/2-1/2

[Event "Campionato Italiano Femminile"]
[Site "Bratto"]
[Date "2002.08.28"]
[Round "9"]
[White "Tonel, Giulia"]
[Black "Dieni, Eleonora"]
[Result "1-0"]
[WhiteElo "1500"]
[BlackElo "1600"]
[PlyCount "71"]
[EventDate "2002.08.20"]
[SourceDate "2002.09.07"]

1. e4 e5 2. Nf3 Nc6 3. Bc4 Bc5 4. c3 d6 5. d3 Bg4 6. Nbd2 Nf6 7. Bb3 a6 8. O-O
O-O 9. Re1 Kh8 10. Nf1 Nd7 11. Ng3 f5 12. exf5 Bxf5 13. Ne4 Bxe4 14. Rxe4 Qe8
15. Be3 Nf6 16. Rh4 Bxe3 17. fxe3 Qg6 18. Rh3 Na5 19. Bc2 Rf7 20. Qe2 Kg8 21.
Rf1 Qg4 22. e4 Nh5 23. Rh4 Nf4 24. Rxg4 Nxe2+ 25. Kh1 Nf4 26. b4 Nc6 27. Bb3 d5
28. exd5 Re7 29. dxc6+ Kh8 30. cxb7 Rb8 31. Nxe5 Rxe5 32. Rgxf4 Ree8 33. Bd5 h6
34. Be4 Kg8 35. g3 g5 36. Rf7 1-0